| 000 | 01487cam a2200373 a 4500 | ||
|---|---|---|---|
| 999 |
_c3842 _d3842 |
||
| 001 | 01082431 | ||
| 003 | OSt | ||
| 005 | 20241111113834.0 | ||
| 008 | 070319s2008 nyu c 000 1 eng | ||
| 010 | _a2006937313 | ||
| 020 | _a9781423103349 (pbk.) | ||
| 040 |
_aBKX _cBKX _dBAKER _dYDXCP _dBTCTA _dWSU _dKH8 |
||
| 042 | _anbic | ||
| 082 | 0 | 4 | _aFIC RIO |
| 100 | 1 |
_aRiordan, Rick. _eAuthors |
|
| 245 | 1 | 4 |
_aThe sea of monsters / _cRick Riordan. |
| 250 | _a1st Hyperion Paperbacks ed. | ||
| 260 |
_aNew York : _bDisney/Hyperion Books, _c2008. |
||
| 300 |
_a279 p. ; _c20 cm. |
||
| 490 | 1 |
_aPercy Jackson & the Olympians ; _vbk. 2. |
|
| 520 | _aDemi-god Percy Jackson and his friends must journey into the Sea of Monsters to save their camp. But first Percy will discover a secret that makes him wonder whether being claimed as Poseidon's son is an honor or a cruel joke. | ||
| 650 | 0 |
_aMythology, Greek _vJuvenile fiction. |
|
| 650 | 0 |
_aIdentity (Philosophical concept) _vJuvenile fiction. |
|
| 650 | 0 |
_aMythology, Greek _vJuvenile fiction. |
|
| 650 | 0 |
_aCamps _vJuvenile fiction. |
|
| 650 | 0 |
_aFriendship _vJuvenile fiction. |
|
| 650 | 0 |
_aFathers and sons _vJuvenile fiction. |
|
| 650 | 0 |
_aPoseidon (Greek deity) _vJuvenile fiction. |
|
| 650 | 0 |
_aHades (Greek deity) _vJuvenile fiction. |
|
| 650 | 0 |
_aZeus (Greek deity) _vJuvenile fiction. |
|
| 650 | 0 |
_aMythology, Greek _vJuvenile fiction. |
|
| 650 | 0 |
_aIdentity (Philosophical concept) _vJuvenile fiction. |
|
| 942 |
_2ddc _cFIC |
||